Les 48 goats de stid - Statistiques

Statistiques générales
  • Ce quiz a été pris 191 fois
  • Le résultat moyen est 30 sur 48
Statistiques - réponses
Prénom % Correct
Hugo
81%
Hugo
81%
Lucas
79%
Paul
77%
Victor
73%
Victor
73%
Lucien
71%
Mohamed
71%
Alexis
69%
Etienne
69%
Cassandre
68%
Lina
68%
Sylvain
68%
Clara
66%
Djibril
66%
Vincent
66%
Alexandre
65%
Flora
65%
Ines
65%
Nolan
65%
Soleymane
65%
Elsa
63%
Kylian
63%
Nicolas
63%
Andrew
61%
Farah
61%
Rayan
60%
Theo
60%
Aurelien
58%
Ayat
58%
Fabien
58%
Jenna
58%
Kirill
58%
William
58%
Faickidine
56%
Romain
56%
Corentin
55%
Heidi
55%
Oscar
55%
Souleimane
55%
Axel
53%
Eliot
53%
Priscillia
53%
Sania
53%
Adam
52%
Virgile
52%
Selma
48%
Enrique
47%
Aucun quiz correspondant
Distribution des résultats
% des personnes avec chaque résultat
Percentile par nombre de réponses
Votre historique - résultats
Vous n’avez pas pris ce quiz